000 00733nam a2200217 i 4500
001 30652
003 ES-MaACL
005 20251011063057.0
007 t|
008 030127s1971 sp ||||1| spa d
100 1 _aBeltrán, Antonio,
_d1916-2006
_927333
245 1 4 _aLos grabados del barranco de Balos
_b: Gran Canaria /
_cAntonio Beltrán Martínez.
260 _aLas Palmas de Gran Canaria :
_bEl Museo Canario,
_c1971.
300 _a155 p., 98 lám. :
_bil. ;
_c32 cm.
490 1 _aArqueológica ;
_v1
650 4 _aPintura rupestre-
_zGran Canaria.
_9168531
710 2 _aEl Museo Canario.
_93455
830 0 _aArqueológica ;
_v1
_9229346
852 _aES-MaACL
_jC-41253
_bR.76673
999 _c30652
_d30652